|
|
|
|
| LEADER |
01081nam a22003012i 4500 |
| 001 |
001565973 |
| 003 |
CZ BrMZK |
| 005 |
20180410142739.0 |
| 007 |
ta |
| 008 |
170224s1979 xo er|||||||||||slo d |
| 040 |
|
|
|a BOA001
|b cze
|e rda
|
| 072 |
|
7 |
|a 502
|x Životní prostředí a jeho ochrana
|2 Konspekt
|9 2
|
| 080 |
|
|
|a 502.17
|2 MRF
|
| 080 |
|
|
|a 019.922
|2 MRF
|
| 100 |
1 |
|
|a Gratzerová, Anna
|7 mzk2014840848
|4 aut
|
| 245 |
1 |
0 |
|a Ochrana životného prostredia :
|b výberová bibliografia.
|n Časť 1. /
|c spracovaly Anna Gratzerová, Judita Orvinská
|
| 264 |
|
1 |
|a Bratislava :
|b Mestská knižnica,
|c 1979
|
| 300 |
|
|
|a 22 stran
|
| 336 |
|
|
|a text
|b txt
|2 rdacontent
|
| 337 |
|
|
|a bez média
|b n
|2 rdamedia
|
| 338 |
|
|
|a svazek
|b nc
|2 rdacarrier
|
| 650 |
0 |
7 |
|a ochrana životního prostředí
|7 ph115553
|2 czenas
|
| 655 |
|
7 |
|a výběrové bibliografie
|7 fd186981
|2 czenas
|
| 700 |
1 |
|
|a Orviská, Judita
|7 jx20071129050
|4 aut
|
| 910 |
|
|
|a BOA001
|b X-0811.708,1
|
| 990 |
|
|
|a BK
|
| 991 |
|
|
|b 201702
|
| 996 |
7 |
|
|b 2619179906
|c X-0811.708,1
|l MZK
|r Sklad / do 24 hodin
|n 0
|w 001601309
|u 000010
|a 1
|e BOA001
|j MZK50
|s A
|